000 00382nam a22001697a 4500
003 SGT
020 _a9781597569354
082 _a612.7
_bS18B
100 _aBEHNMAN, ALISON
245 _aSPEECH AND VOICE SCIENCE
250 _a3RD
260 _aSAN DIEGO
_bPLURAL PUB
_c2018
300 _a482
650 _aAUDIOLOGY
653 _aSPEECH AND VOICE SCIENCE
942 _2ddc
_cBK
999 _c31341
_d31341